000
00297nam a22001337a 4500
008
260428b ||||| |||| 00| 0 eng d
020
_a
9951050298
041
_a
Shqip
080
_a
821.1
100
_a
20
101
_a
roman
245
_a
Shtëpia në Udhëkryq
_c
Agim Gjakova
942
_2
udc
_c
BK
999
_c
61012
_d
61012